Normal view
MARC view
Entry Personal Name
001 - CONTROL NUMBER
- control field: 19936
003 - CONTROL NUMBER IDENTIFIER
- control field: ARRUPE
005 - DATE AND TIME OF LATEST TRANSACTION
- control field: 20150916103531.0
008 - FIXED-LENGTH DATA ELEMENTS
- fixed length control field: 150916|| aca||aabn | a|a d
040 ## - CATALOGING SOURCE
- Original cataloging agency: ARRUPE
- Transcribing agency: ARRUPE
100 ## - HEADING--PERSONAL NAME
- Personal name: Pliny
- Titles and other words associated with a name: The younger
670 ## - SOURCE DATA FOUND
- Source citation: Work cat.: (ARRUPE)0: Pliny The younger, The letters of the Younger Pliny /, c1963.